| 000 | 00954nam a22002297a 4500 | ||
|---|---|---|---|
| 008 | 130821s1942 ck gr spa | ||
| 040 |
_aCo-BoUCM _bspa |
||
| 041 | 0 | 0 | _aspa |
| 092 | _aFM 000026 | ||
| 245 | 0 | 3 |
_aLa iglesia y los obreros _blas dos ureas encíclicas Rerum Novarum y Quadragesimo Anno de León XIII y Pío XI sobre cuestiones sociales _cIglesia católica |
| 260 |
_aBogotá (Colombia) _bEl Mensajero del Corazón de Jesús _c1842 |
||
| 300 | _a149 páginas | ||
| 500 | _aIncluye índice. -- Este libro se encuentra en el depósito de la biblioteca | ||
| 600 |
_aLeón XIII _cPapa _d1810-1903 _xEncíclicas _9149219 |
||
| 600 |
_aLeón XIII _cPapa _d1857-1939 _9149220 |
||
| 600 |
_aPio XI _cPapa _d1857-1939 _9149221 |
||
| 600 |
_aPio XI _cPapa _d1857-1939 _xEncíclicas _9149222 |
||
| 650 | 0 | 4 |
_aCartas pontificias _910550 |
| 650 | 0 | 4 |
_aEncíclicas _914172 |
| 650 | 0 | 4 |
_aIglesia Católica y problemas sociales _97704 |
| 942 |
_cLIBRO _a27 _e1 _n0 |
||
| 999 |
_c85383 _d85383 |
||